| 000 | 00000nam 2200000zi 4500 |
| 001 | 9.867492 |
| 003 | CaOODSP |
| 005 | 20221107162328 |
| 006 | m o d f |
| 007 | cr ||||||||||| |
| 008 | 190122t20192019qucabdo ob f000 0 fre d |
| 020 | |a9780660293653 |
| 040 | |aCaOODSP|bfre|erda|cCaOODSP |
| 043 | |an-cn-on |
| 086 | 1 |aTU3-10/17-0038F-PDF |
| 110 | 2 |aBureau de la sécurité des transports du Canada. |
| 245 | 10|aIncursions sur piste entre les pistes parallèles à l’aéroport international Lester B. Pearson de Toronto (Ontario). |
| 264 | 1|aGatineau, QC : |bBureau de la sécurité des transports du Canada, |c2019. |
| 264 | 4|c©2019 |
| 300 | |a1 ressource en ligne (vii, 98 pages) : |billustrations, cartes, graphiques, photographies. |
| 336 | |atexte|btxt|2rdacontent/fre |
| 337 | |ainformatique|bc|2rdamedia/fre |
| 338 | |aressource en ligne|bcr|2rdacarrier/fre |
| 490 | 1 |aRapport d’enquête sur une question de sécurité du transport aérien ; |vA17O0038 |
| 500 | |aTitre de la couverture. |
| 500 | |a« Publié le 31 janvier 2019. » |
| 500 | |aPublié aussi en anglais sous le titre : Runway incursions between the parallel runways at Toronto/Lester B. Pearson International Airport, Ontario. |
| 504 | |aComprend des références bibliographiques. |
| 520 | |a« La présente enquête a examiné 27 incursions sur piste qui se sont produites de juin 2012 à novembre 2017 sur les 2 pistes parallèles rapprochées (« le complexe sud »), à l’aéroport international Lester B. Pearson de Toronto (CYYZ) (Ontario). Ces 27 incursions étudiées ne sont pas les seules qui ont eu lieu à CYYZ durant cette période. Cependant, leur nombre et leurs similarités ont soulevé des préoccupations et ont mené le BST à les examiner de plus près dans leur ensemble pour déterminer leurs causes et facteurs contributifs sous-jacents systémiques, et évaluer l’importance du risque qu’elles présentent » -- Résumé, page [v]. |
| 692 | 07|2gccst|aAccident d'aviation |
| 692 | 07|2gccst|aSécurité aérienne |
| 692 | 07|2gccst|aEnquête |
| 775 | 08|tRunway incursions between the parallel runways at Toronto/Lester B. Pearson International Airport, Ontario.|w(CaOODSP)9.867491 |
| 830 | #0|aBilan d'enquête de sécurité du transport aérien ;|vA17O0038.|w(CaOODSP)9.845276 |
| 856 | 40|qPDF|s2.60 Mo|uhttps://publications.gc.ca/collections/collection_2019/bst-tsb/TU3-10-17-0038-fra.pdf |